[Event "36 Abierto Ciudad de Sevilla"]
[Site "?"]
[Date "2011.01.12"]
[Round "6"]
[White "Lalic, Bogdan"]
[Black "Torres Ventosa, Pedro Eugenio"]
[Result "1/2-1/2"]
[WhiteElo "2491"]
[BlackElo "2290"]
[PlyCount "37"]
[EventDate "2011.01.12"]
[SourceDate "2011.01.07"]

1. d4 Nf6 2. c4 g6 3. Nc3 d5 4. Bg5 Ne4 5. Bh4 Nxc3 6. bxc3 Bg7 7. e3 c5 8.
cxd5 cxd4 9. cxd4 Qxd5 10. Nf3 Nc6 11. Be2 O-O 12. O-O Bf5 13. Qa4 e5 14. dxe5
(14. Bc4 Qa5 15. Qxa5 Nxa5 16. Bd5 exd4 17. Nxd4 Nc6 18. Rad1 Nxd4 19. exd4
Rab8 20. Rfe1 Rfe8 21. Rxe8+ Rxe8 22. h3 Be6 23. Bxb7 Rb8 24. Bc6 Rb4 25. d5
Bxd5 26. Rxd5 Rxh4 {1/2-1/2 Sokolov,I (2647)-Nijboer,F (2578)/Leeuwarden 2002})
14... Nxe5 15. Rfd1 (15. Rad1 Qe4 16. Rd4 Qc6 17. Qa3 Qc2 18. Nd2 Rfc8 19. Bd1
Qc6 20. Bb3 Nd3 21. Rc4 Qd7 22. Rxc8+ Rxc8 23. Qxa7 Nc1 24. Nc4 Ne2+ 25. Kh1
Nc3 26. Nb6 Qd3 27. Rg1 Rf8 28. Qxb7 Be4 29. Qd7 Qe2 30. Nc4 Qh5 31. Qe7 Bd5
32. Nd2 Ne2 33. Rf1 Bc3 34. Ne4 Bxb3 35. axb3 Qb5 36. Nxc3 Nxc3 37. Re1 Qxb3
38. h3 Qc4 39. e4 Ne2 40. Bf6 Rc8 41. Rd1 {
1-0 Manor,I (2515)-Ribshtein,N (2290)/Ramat Aviv 1998}) 15... Qe4 16. Qxe4 (16.
Rd4 Nxf3+ 17. Bxf3 Qc2 $15) 16... Bxe4 17. Rac1 Rac8 18. Nd4 Nd3 {Diagrama #}
19. Rxc8 ({Posiblemente a Lalic no le convenció la posición pero la ventaja
blanca parece clara tras} 19. Rxc8 Rxc8 20. f3 (20. Rxd3 Bxd3 21. Bxd3 Rc1+ 22.
Bf1 Ra1 $14) 20... Nb2 (20... Bxd4 21. exd4 Nf4 22. fxe4 Nxe2+ 23. Kf1 Nc3 24.
Rc1 b5 25. Be1 b4 26. Bxc3 bxc3 27. Ke2 $18) 21. Rd2 Bxd4 22. exd4 (22. Rxd4
Bc6 23. Bf6 Na4 24. Rd6 $16) 22... Rc1+ 23. Kf2 Rc2 24. Rxc2 Bxc2 25. d5 $16)
1/2-1/2

[Event "36 Abierto Ciudad de Sevilla"]
[Site "?"]
[Date "2011.01.12"]
[Round "6"]
[White "Teran Alvarez, Ismael"]
[Black "Aranaz Murillo, Amalia"]
[Result "1-0"]
[WhiteElo "2432"]
[BlackElo "2137"]
[PlyCount "53"]
[EventDate "2011.01.12"]
[SourceDate "2011.01.07"]

1. d4 d5 2. c4 c6 3. Nf3 Nf6 4. Nc3 a6 5. c5 g6 6. h3 Bg7 7. Bf4 Bf5 8. e3 Nbd7
9. Nh4 Be6 10. Be2 O-O 11. O-O Re8 12. Nf3 Nf8 13. Qb3 $14 Ra7 14. Nd2 N6d7 15.
Na4 f6 16. e4 Kh8 17. exd5 Bxd5 18. Bc4 e6 19. Rfe1 f5 20. Bxd5 exd5 21. Rxe8
Qxe8 22. Nf3 {Diagrama #} Ne6 $2 (22... Nf6 $16) 23. Re1 $16 Qf7 (23... Qg8 24.
Qe3 Nxf4 25. Qxf4 Ra8 26. Re7) 24. Qe3 Nxf4 25. Qxf4 Bf6 $2 (25... Ra8 26. Qc7
$16) 26. Nb6 $18 Nxb6 27. Qb8+ 1-0

[Event "36 Abierto Ciudad de Sevilla"]
[Site "?"]
[Date "2011.01.12"]
[Round "6"]
[White "Teske, Henrik"]
[Black "Sengupta, Deep"]
[Result "0-1"]
[WhiteElo "2520"]
[BlackElo "2530"]
[PlyCount "62"]
[EventDate "2011.01.12"]
[SourceDate "2011.01.07"]

1. Nf3 d5 2. d4 e6 3. c4 c6 4. Nbd2 Nf6 5. e3 c5 6. cxd5 exd5 7. dxc5 Bxc5 8.
Nb3 Bb6 9. Bb5+ Nc6 10. Bd2 Ne4 {Diagrama #} 11. Rc1 $6 (11. Bb4) 11... O-O 12.
O-O (12. Bxc6 bxc6 13. Rxc6 Ba6) 12... Qd6 $15 13. Nbd4 Bd7 14. Ne2 Bg4 15. Ng3
(15. h3 Bxf3 16. gxf3 Ne5 17. Kg2 Rad8 $17) 15... Rad8 16. Bc3 Nxc3 17. bxc3 (
17. Rxc3 d4 18. exd4 Nxd4 $19) 17... f5 18. c4 (18. h3 f4 (18... Bxf3 19. Qxf3
f4 20. exf4 Rxf4) 19. hxg4 fxg3 $19) 18... Ne5 $17 19. cxd5 Bxf3 20. gxf3 f4
21. exf4 Rxf4 22. Rc3 $6 (22. Be2) 22... Kh8 (22... Bd4 23. Rb3 Qxd5 $19) 23.
Be2 Bd4 24. Qc1 (24. Qd2 Rdf8 25. Rcc1 h6 $19) (24. Rb3 Qxd5) 24... Rff8 25.
Rb3 Qxd5 26. Rd1 Qf7 27. Qg5 (27. f4) 27... Ng6 28. Rbd3 $2 (28. Qh5) 28... Nf4
29. Qh4 Nxd3 30. Rxd3 Bxf2+ 31. Kf1 Bb6 0-1

[Event "36 Abierto Ciudad de Sevilla"]
[Site "?"]
[Date "2011.01.12"]
[Round "6"]
[White "Garcia Jimenez, Fco Javier"]
[Black "Corrales Jimenez, Fidel"]
[Result "0-1"]
[WhiteElo "2274"]
[BlackElo "2591"]
[PlyCount "64"]
[EventDate "2011.01.12"]
[SourceDate "2011.01.07"]

1. e4 g6 2. Nc3 Bg7 3. g3 c6 4. Bg2 b5 5. d4 b4 6. Nce2 d6 7. Be3 a5 8. Qd2 Nd7
9. Nh3 Ngf6 10. Bh6 O-O 11. Bxg7 Kxg7 12. O-O Ba6 13. Rfe1 e5 14. c3 Qb6 15. f3
bxc3 16. bxc3 Rfb8 {Diagrama #} 17. Nf2 (17. Rad1 Qb2 18. f4) 17... Qb2 18.
Rad1 (18. Qe3) 18... Qa3 $15 19. Nd3 Bxd3 20. Qxd3 Qxa2 21. Ra1 Qe6 22. f4 a4
$17 23. f5 Qe8 24. h3 g5 25. Ra2 h6 26. Rea1 d5 27. exd5 cxd5 28. dxe5 $6 (28.
Rxa4 $2 Nc5) (28. c4 e4 29. Qc2) 28... Qxe5 (28... Nxe5 $19) 29. Nd4 (29. c4)
29... Nc5 $19 30. Qf3 Re8 31. Nb5 Rab8 32. Nd4 Qe3+ 0-1

[Event "36 Abierto Ciudad de Sevilla"]
[Site "?"]
[Date "2011.01.12"]
[Round "6"]
[White "Haslinger, Stewart G."]
[Black "Campora, Daniel H."]
[Result "1-0"]
[WhiteElo "2536"]
[BlackElo "2488"]
[PlyCount "69"]
[EventDate "2011.01.12"]
[SourceDate "2011.01.07"]

1. e4 e5 2. Nf3 Nc6 3. d4 exd4 4. Nxd4 Bb4+ 5. c3 Bc5 6. Be3 Bb6 7. Qg4 Nf6 (
7... Qf6 $5) 8. Qxg7 Rg8 9. Qh6 Rg6 10. Qf4 Rg4 11. Nxc6 dxc6 (11... Rxf4 12.
Nxd8 Bxe3 13. fxe3 Rxe4 14. Bd3 Rxe3+ 15. Kd2 Re7 16. Rf1 Ng4 17. Nxf7 Rxf7 18.
Na3 $16) 12. Qe5+ Be6 13. Nd2 (13. f3 Bxe3 14. fxg4 Bf2+ 15. Ke2 Qe7 $17) 13...
Bxe3 14. fxe3 Qe7 15. g3 O-O-O 16. Bh3 $2 (16. Be2) 16... Nd7 17. Qh5 Rg5 18.
Qh4 Ne5 $2 (18... Qc5 $17) 19. Bxe6+ fxe6 20. O-O-O Qc5 (20... Rxd2 21. Rxd2
Nf3 22. Qh6 Nxd2 23. Kxd2 $14) 21. Kb1 Qxe3 22. Qf4 {Diagrama #} Qd3+ $2 (22...
Qxf4 23. gxf4 Rg2 24. fxe5 Rdxd2 25. Rxd2 Rxd2 $11) 23. Ka1 $16 h6 $6 (23...
Rh5) 24. Nb1 $18 Qe2 (24... Qxd1 25. Rxd1 Rxd1 26. h4 $18) 25. Rhe1 Qh5 26.
Rxd8+ Kxd8 27. Qf8+ Kd7 28. Rf1 c5 29. Qxc5 b6 30. Qf8 Qe2 31. Rf2 Qxe4 32. Rf4
Qe1 33. Rd4+ Kc6 34. Qa8+ Kb5 35. a4+ 1-0

[Event "36 Abierto Ciudad de Sevilla"]
[Site "?"]
[Date "2011.01.12"]
[Round "6"]
[White "Matamoros Franco, Carlos S"]
[Black "Kovacevic, Slobodan"]
[Result "1-0"]
[WhiteElo "2545"]
[BlackElo "2330"]
[PlyCount "93"]
[EventDate "2011.01.12"]
[SourceDate "2011.01.07"]

1. c4 c5 2. g3 Nf6 3. Bg2 e6 4. Nf3 Qc7 5. Nc3 a6 6. O-O d6 7. d4 cxd4 8. Nxd4
Bd7 9. Bg5 Be7 10. Rc1 h6 11. Be3 Ng4 12. Bd2 Qb6 13. Nb3 Bc6 14. e4 Nf6 15.
Be3 Qd8 16. Nd4 O-O 17. f4 Re8 18. e5 dxe5 (18... Bxg2 19. exf6 Bxf1 20. fxe7
Qxe7 21. Qxf1 Nc6 22. f5 $16) 19. fxe5 Bxg2 20. Kxg2 (20. exf6 Bxf1 21. fxe7
Qxe7 22. Qxf1 Nc6 23. Nxc6 bxc6 24. Qf3 Rab8 25. b3 Rec8 26. Ne4 $16) 20...
Nfd7 {Diagrama #} 21. Rxf7 $1 Bg5 (21... Kxf7 22. Nxe6 $1 Qc8 (22... Kxe6 23.
Qd5+ Kf5 24. Rf1+ Kg6 25. Qe4+ Kh5 26. Qf3+ Kg6 27. Qf5#) 23. Qd5 Kg6 24. Rf1
Qc6 25. Nc7 Nxe5 26. Nxe8 Nbd7 27. Nc7 Rc8 28. Qxc6+ bxc6 29. Nxa6 $16) 22.
Bxg5 $6 (22. Qh5 $1 Nxe5 23. Bxg5 hxg5 (23... Qxg5 24. Rxg7+ Kxg7 25. Qxe8 Qd2+
(25... Qxc1 26. Nxe6+ Kf6 27. Ne4+ Kf5 28. N6c5 $16) 26. Nce2 $16) 24. Rxb7
Nbd7 25. Ne4 $18) 22... Qxg5 23. Nf3 $16 Qe3 24. Rf4 Nxe5 {Diagrama #} (24...
Nc6) 25. Nd5 $18 exd5 26. Qxd5+ Kh7 27. Re1 Qb6 28. Nxe5 Nc6 29. Qd3+ Kg8 30.
Nd7 Qxb2+ 31. Rf2 Qd4 32. Nf6+ gxf6 33. Qg6+ Kh8 34. Qxh6+ Kg8 35. Qg6+ Kh8 36.
Qh6+ Kg8 37. Qg6+ Kh8 38. Rxe8+ Rxe8 39. Qxe8+ Kg7 40. Rf4 Qd1 41. Kh3 Ne5 42.
Qe7+ Kg8 43. Qxf6 Qd7+ 44. Rf5 Nxc4 45. Qf8+ Kh7 46. g4 Nd6 47. Rh5+ 1-0

[Event "36 Abierto Ciudad de Sevilla"]
[Site "?"]
[Date "2011.01.12"]
[Round "6"]
[White "Lanzani, Mario"]
[Black "Spraggett, Kevin"]
[Result "1/2-1/2"]
[WhiteElo "2359"]
[BlackElo "2575"]
[PlyCount "94"]
[EventDate "2011.01.12"]
[SourceDate "2011.01.07"]

1. e4 c5 2. c3 Nf6 3. e5 Nd5 4. Bc4 e6 5. Nf3 d6 6. d4 cxd4 7. cxd4 Nb6 8. Bd3
Bd7 9. Bg5 Be7 10. Bxe7 Qxe7 11. Nc3 Bc6 12. O-O N8d7 13. Nb5 Bxb5 14. Bxb5 O-O
15. Qb3 dxe5 16. dxe5 Nc5 17. Qa3 a6 18. Rac1 Rfc8 19. Be2 Nd5 20. Bc4 Nb6 21.
Be2 a5 22. Nd4 Nd5 23. Bc4 Nb4 24. Qe3 Rd8 25. Rfd1 h6 26. f4 (26. Nb5 Rxd1+
27. Rxd1 Na4 28. Rd2 $16) 26... Nd5 27. Qf3 Na4 28. Bb3 (28. Bb5 Nxb2 29. Rd2
Nb6 $11) 28... Nab6 (28... Nxb2 29. Rd2 Nb4 30. Qe4 a4 31. Rxb2 axb3 32. axb3
$11) 29. a3 (29. a4) 29... g6 30. Nb5 Rdc8 31. Nd6 Rc6 (31... Rxc1 32. Rxc1 Rd8
) 32. Rxc6 bxc6 33. Qf2 (33. Rc1 a4 34. Ba2 Qd7 35. Rc5 $16) 33... Rb8 34. Bc2
Nc8 35. Nc4 Qc7 36. h4 h5 37. Kh2 Nce7 38. Qd2 c5 39. Be4 a4 40. f5 $6 gxf5 $6
(40... Nc6 41. fxe6 Nxe5 42. exf7+ Kg7 43. Nxe5 Qxe5+ 44. Kg1 Nf6) 41. Qg5+ Ng6
(41... Kf8 42. Qh6+ Kg8 43. Bxd5 Nxd5 $14) 42. Bxd5 exd5 43. Rxd5 Qc6 44. Rd6 (
44. Ne3) 44... Qe4 {Diagrama #} 45. Rxg6+ $2 (45. e6 Kg7 46. exf7 Qf4+ 47. Qxf4
Nxf4 48. Ne5 $18) 45... fxg6 46. Qxg6+ Kh8 47. Qf6+ Kg8 1/2-1/2

[Event "36 Abierto Ciudad de Sevilla"]
[Site "?"]
[Date "2011.01.12"]
[Round "6"]
[White "Starostits, Ilmars"]
[Black "Piasetski, Leon"]
[Result "1-0"]
[WhiteElo "2494"]
[BlackElo "2303"]
[PlyCount "107"]
[EventDate "2011.01.12"]
[SourceDate "2011.01.07"]

1. e4 c5 2. Nc3 e6 3. Nf3 a6 4. d4 cxd4 5. Nxd4 b5 6. Bd3 Qb6 7. Nb3 Qc7 8. Qe2
Bb7 9. Bd2 Nc6 10. f4 Nge7 11. O-O Ng6 12. e5 Be7 13. a4 bxa4 14. Rxa4 Nb4 15.
Be4 O-O 16. Kh1 Rfc8 (16... Bxe4 17. Qxe4 Rab8) 17. f5 $16 exf5 18. Bxf5 Bc6
19. Raa1 Re8 20. Na5 (20. Qh5 $5) 20... Bf8 21. Bxg6 (21. Nxc6 dxc6 22. Qh5)
21... fxg6 (21... hxg6 22. Qf2 d6 23. Nxc6 Nxc6 24. Nd5 Qb7 $14) 22. Qc4+ Re6
23. Nxc6 Qxc6 (23... Nxc6 24. Ne4 $16) 24. Rxf8+ Rxf8 25. Qxb4 Rxe5 26. Qd4
Ref5 27. Be3 Rf1+ 28. Rxf1 Rxf1+ 29. Bg1 h6 30. h3 Kh7 31. Nd5 Rb1 32. c4 Qd6
33. b4 Qg3 34. b5 $6 (34. Qe4) 34... a5 35. c5 Qe1 $2 (35... a4 36. c6 dxc6 37.
bxc6 Rc1 38. c7 Qd6 39. Qe3 Rc2 $11) 36. c6 $2 (36. Kh2) 36... dxc6 37. bxc6 {
Diagrama #} Rc1 $2 (37... Rd1) 38. c7 Qe6 39. Qd2 Qc6 40. Qxa5 Qc2 41. Qa7 Qc6
42. Qd4 Qd6 43. Qe3 Qc6 44. Qd3 Qc5 45. Qe3 Qc6 46. Qd4 Qd6 47. h4 h5 48. Qe3
Qc6 49. Kh2 Rc4 50. Qg5 Rg4 51. Qd8 Qc4 52. c8=Q Rxh4+ 53. Qxh4 Qxh4+ 54. Qh3
1-0

[Event "36 Abierto Ciudad de Sevilla"]
[Site "?"]
[Date "2011.01.12"]
[Round "6"]
[White "Komljenovic, Davorin"]
[Black "Burgos Figueroa, Carlos E."]
[Result "0-1"]
[WhiteElo "2457"]
[BlackElo "2280"]
[PlyCount "110"]
[EventDate "2011.01.12"]
[SourceDate "2011.01.07"]

1. d4 Nf6 2. c4 c5 3. d5 b5 4. cxb5 a6 5. f3 e6 6. e4 c4 7. Bxc4 axb5 8. Bb3 (
8. Bxb5 Qa5+ 9. Nc3 Bb4 10. a4 exd5 11. exd5 O-O $44) 8... Bb7 (8... Bc5 9. Ne2
O-O 10. Bg5 d6 11. Nbc3 h6 12. Bh4 b4 13. Na4 $16) 9. Nc3 Qb6 10. dxe6 (10. Nh3
) 10... fxe6 11. e5 Ng4 12. Qe2 b4 (12... Nc6 $5 13. fxg4 Nd4) 13. Na4 (13. Nd1
$5) 13... Rxa4 14. fxg4 (14. Bxa4 Ba6 $17) 14... Ra5 15. Be3 (15. Nf3) 15...
Bc5 $17 16. Bxc5 Qxc5 (16... Rxc5 17. Nf3 O-O) 17. Nf3 O-O 18. Rd1 Rf4 $6 (
18... Bxf3 19. gxf3 Nc6 $19) 19. Qf2 $15 Qb5 {Diagrama #} 20. Rd4 $2 (20. Bxe6+
) 20... Bxf3 21. Rxf4 Qxe5+ 22. Kf1 Qxf4 23. gxf3 Nc6 $17 24. Kg2 Re5 (24...
Nd4) 25. Rd1 h5 26. h3 (26. Rxd7 hxg4 27. fxg4 Qxg4+ 28. Kf1 $11) 26... Re3 (
26... d5) 27. Rxd7 Nd4 {Diagrama #} 28. Bd1 $2 (28. Rxd4 Qxd4 29. Bxe6+ Kf8 30.
Bf5 h4 31. Be4 $15) 28... Rd3 $19 29. Rd8+ Kf7 30. Be2 Rd2 31. Rxd4 Rxd4 32.
gxh5 Kf6 33. Qg3 Qxg3+ 34. Kxg3 Kg5 35. Bb5 Rd2 36. h4+ Kxh5 37. Be8+ Kh6 38.
Bf7 e5 39. Kg4 Rxb2 40. Kf5 Re2 41. Bd5 Kh5 42. f4 g6+ 43. Kf6 e4 44. Bf7 Kxh4
45. Ke5 e3 46. Ke4 Rxa2 47. Kxe3 Ra6 48. Ke4 Rb6 49. Bb3 Kg3 50. f5 gxf5+ 51.
Kxf5 Rc6 52. Ke4 Rc3 53. Bf7 b3 54. Kd4 b2 55. Bg6 Rc1 0-1

[Event "36 Abierto Ciudad de Sevilla"]
[Site "?"]
[Date "2011.01.12"]
[Round "6"]
[White "Saenz Narciso, Miguel Angel"]
[Black "Fernandez Romero, Ernesto"]
[Result "0-1"]
[WhiteElo "2220"]
[BlackElo "2453"]
[PlyCount "115"]
[EventDate "2011.01.12"]
[SourceDate "2011.01.07"]

1. e4 e6 2. d3 d5 3. Nd2 Nf6 4. g3 b6 5. Bg2 Bb7 6. e5 Nfd7 7. Qe2 c5 8. Ngf3
Nc6 9. O-O (9. h4 Qc7) 9... g5 $15 10. c4 g4 11. Nh4 Nd4 12. Qxg4 Nxe5 13. Qh5
(13. Qd1) 13... Nxd3 $17 14. cxd5 Bxd5 15. Ne4 Nxc1 16. Raxc1 Be7 17. Rfe1 O-O
$6 (17... Bxh4 18. gxh4 Rg8) 18. Nf3 {Diagrama #} f6 (18... f5 19. Neg5 Nxf3+
20. Nxf3 Qe8 $17) 19. Rcd1 $15 Nxf3+ 20. Bxf3 Qe8 $2 (20... f5) 21. Rxd5 exd5
22. Qxd5+ Qf7 23. Nc3 $18 Rae8 24. Qd7 Kh8 25. Re3 Rd8 26. Qxe7 Rd2 27. Qxf7
Rxf7 28. Re2 Rfd7 29. Kf1 Kg7 30. Ke1 R2d4 31. Be4 a6 32. a4 b5 33. axb5 axb5
34. Bc6 Ra7 35. f3 b4 36. Ne4 Ra1+ 37. Kf2 Rc1 38. Ke3 f5 {Diagrama #} 39. Nxc5
$2 Rd6 $11 40. Nd3 Rcxc6 41. Nxb4 Rc4 42. Nd3 Re6+ 43. Kd2 Rxe2+ 44. Kxe2 Rc2+
45. Ke3 Rxh2 46. Kf4 Kf6 47. g4 Rd2 48. g5+ Ke6 49. Nc5+ Kd6 50. b4 Rd5 51.
Nb7+ Ke6 52. Nc5+ Kf7 53. Ke3 Kg6 54. f4 Kh5 55. Ne6 Rd1 56. Nd4 (56. Nc5)
56... Kg4 57. Nc2 Rb1 58. Ne1 0-1

[Event "36 Abierto Ciudad de Sevilla"]
[Site "?"]
[Date "2011.01.12"]
[Round "6"]
[White "Barrantes Munoz, Hugo Pedro"]
[Black "Pogorelov, Ruslan"]
[Result "0-1"]
[WhiteElo "2216"]
[BlackElo "2427"]
[PlyCount "53"]
[EventDate "2011.01.12"]
[SourceDate "2011.01.07"]

1. d4 Nf6 2. Bg5 e6 3. Nf3 h6 4. Bxf6 Qxf6 5. e3 g5 6. Bd3 Bg7 7. Nbd2 d6 8.
Qe2 Qe7 9. O-O-O Nc6 10. c3 Bd7 11. e4 O-O-O 12. Nc4 g4 13. Nfd2 h5 14. f4 gxf3
15. Nxf3 h4 16. Kb1 Rdg8 17. Qf2 Kb8 18. Rhf1 Bc8 19. Rde1 e5 20. d5 Nd8 21.
Rg1 Bf6 22. Ne3 Bg5 23. Nxg5 Qxg5 24. Rgf1 Rh6 25. Qc2 Rf6 26. Rxf6 Qxf6 27.
Rf1 {Diagrama # Ilegible} 0-1

[Event "36 Abierto Ciudad de Sevilla"]
[Site "?"]
[Date "2011.01.12"]
[Round "6"]
[White "Barrenechea Bahamonde, Gustavo"]
[Black "Alonso Garcia, Rene Marcial"]
[Result "0-1"]
[WhiteElo "2215"]
[BlackElo "2403"]
[PlyCount "79"]
[EventDate "2011.01.12"]
[SourceDate "2011.01.07"]

1. e4 c5 2. Nf3 d6 3. b4 cxb4 4. d4 Nf6 5. Bd3 g6 6. O-O Bg7 7. a3 bxa3 8. Rxa3
O-O 9. c4 Bg4 10. Bb2 Bxf3 11. Qxf3 Nc6 12. d5 Nb4 13. Bd4 Nd7 14. Bxg7 Kxg7
15. Be2 Qb6 16. Qf4 Qd4 17. Rh3 Kg8 18. Qh4 Nf6 19. Nc3 Rfc8 (19... h5) 20. Rd1
Qb6 21. g4 g5 22. Qxg5+ Kh8 {Diagrama #} 23. c5 $6 (23. Qf5 Qd8 24. g5 $18)
23... Qxc5 24. e5 Rg8 25. Qh4 dxe5 26. Ne4 Qc2 27. Nxf6 exf6 28. Qxf6+ Rg7 29.
Qxe5 f6 30. Qe3 Rag8 31. Rc1 (31. Rh4) 31... Qb2 32. Bf3 (32. Rh5) 32... a5 33.
Rh5 a4 $17 34. d6 a3 35. Rc7 {Diagrama #} Nc2 $2 (35... a2 36. Kg2 Rxc7 37.
dxc7 a1=Q $19) 36. Qe4 Rxg4+ 37. Bxg4 Qb1+ 38. Kg2 Ne1+ {Diagrama #} 39. Kh3 $4
(39. Qxe1 Rxg4+ 40. Kh3 Qxe1 41. Rhxh7+ Kg8 42. Rhe7 $11) 39... Qxe4 40. Bf5
0-1

[Event "36 Abierto Ciudad de Sevilla"]
[Site "?"]
[Date "2011.01.12"]
[Round "6"]
[White "Korneev, Oleg"]
[Black "Carretero Ortiz, Francisco"]
[Result "1-0"]
[WhiteElo "2576"]
[BlackElo "2259"]
[PlyCount "54"]
[EventDate "2011.01.12"]
[SourceDate "2011.01.07"]

1. e4 d5 2. exd5 Nf6 3. Nf3 Nxd5 4. d4 Bf5 5. Bd3 Bxd3 6. Qxd3 c6 7. O-O e6 8.
c4 Nf6 9. Nc3 Be7 10. Bf4 O-O 11. Rad1 Nbd7 12. Qe2 Re8 13. Rd3 Qa5 14. Rfd1
Qh5 15. h3 Nf8 16. Qe3 Ng6 17. Bh2 Qa5 18. Ne5 Rac8 19. Bg3 b5 20. b3 Bb4 21.
Qf3 Bxc3 22. Rxc3 Nxe5 23. Bxe5 Nd7 24. cxb5 {Diagrama #} Nxe5 $2 (24... cxb5)
25. dxe5 Qxb5 (25... cxb5 26. Rd7) 26. Rd7 Qxe5 (26... Rf8 27. Qf4) 27. Qxf7+
Kh8 (27... Kh8 28. Rxc6) 1-0

[Event "36 Abierto Ciudad de Sevilla"]
[Site "?"]
[Date "2011.01.12"]
[Round "6"]
[White "Solic, Kristina"]
[Black "Khamrakulov, Ibragim S"]
[Result "0-1"]
[WhiteElo "2243"]
[BlackElo "2494"]
[PlyCount "76"]
[EventDate "2011.01.12"]
[SourceDate "2011.01.07"]

1. e4 c5 2. Nf3 e6 3. d4 cxd4 4. Nxd4 Qb6 5. Nb3 Nf6 6. Nc3 Bb4 7. Bd3 d5 8.
exd5 Nxd5 9. Bd2 Nxc3 10. bxc3 Be7 11. O-O Nd7 12. Rb1 Qc7 13. Nd4 O-O 14. Nb5
Qb8 15. Qh5 g6 16. Qe2 a6 17. Nd4 Bf6 18. Be4 Qc7 19. Qf3 Rb8 20. Bh6 Bg7 21.
Bxg7 Kxg7 22. Rfd1 (22. Qe3) 22... Nc5 {Diagrama #} 23. Nb3 (23. Bd3 Na4 (23...
Nxd3 24. cxd3 Qxc3 25. Qe3) 24. Ne2 Nxc3 25. Nxc3 Qxc3 26. Rb3 Qc7 27. Rb4)
23... Na4 $15 24. Ra1 (24. Rd2) 24... Nxc3 $17 25. Rd3 Nxe4 26. Qxe4 e5 27. Rd5
Re8 28. Nc5 b6 29. Qa4 bxc5 30. Qxe8 Be6 31. Rxc5 Qb6 32. Qxb8 Qxb8 33. Ra5 Bc4
34. h3 f6 35. Rc5 Bxa2 36. Rd1 Kh6 37. Rd7 Qb1+ 38. Kh2 Qb6 {Ilegible} 0-1

[Event "36 Abierto Ciudad de Sevilla"]
[Site "?"]
[Date "2011.01.12"]
[Round "6"]
[White "Mirzoev, Azer"]
[Black "Munoz Martin, Pablo"]
[Result "1-0"]
[WhiteElo "2563"]
[BlackElo "2241"]
[PlyCount "155"]
[EventDate "2011.01.12"]
[SourceDate "2011.01.07"]

1. d4 c5 2. d5 d6 3. e4 Nf6 4. Nc3 g6 5. Bb5+ Nfd7 6. a4 Bg7 7. Nf3 O-O 8. O-O
Nf6 9. h3 e6 10. dxe6 Bxe6 (10... fxe6) 11. Ng5 Bc8 (11... a6 12. Nxe6 fxe6 13.
Bc4 Qe7) 12. Bf4 Nh5 13. Be3 (13. Qxd6 Nxf4 14. Qxf4 Nc6 $16) 13... Nc6 14. Bc4
h6 15. Nf3 Be6 16. Bd5 Qb6 (16... Bxd5) 17. Bxe6 fxe6 18. Qxd6 Nd4 19. Qxb6
Nxf3+ 20. gxf3 axb6 21. Kg2 {Diagrama #} Rf7 $6 (21... Nf4+ 22. Bxf4 Rxf4 23.
Rad1 $14) 22. Ne2 Raf8 (22... g5) 23. f4 g5 24. fxg5 hxg5 25. Rad1 Be5 26. b3
Nf4+ 27. Bxf4 gxf4 28. Kf3 Rh7 29. Rh1 Kg7 30. Rd7+ Kh6 31. Rxh7+ Kxh7 32. Rd1
Rf7 33. Rd8 Kg6 34. Rg8+ Bg7 35. Rc8 Kf6 36. Nc1 Ke5 37. Rd8 Bh6 38. Nd3+ Kf6
39. Rd6 c4 40. bxc4 Rc7 41. Nxf4 Bxf4 42. Kxf4 Rxc4 43. Rxb6 Rxa4 44. Rxb7 Rc4
45. Rb2 e5+ 46. Ke3 Rc3+ 47. Kd2 Rxh3 48. Rb3 Rh4 49. Rf3+ Ke6 50. Kd3 Rh8 51.
Rg3 Rd8+ 52. Ke2 Rd4 53. f3 Rc4 54. Kd2 Rd4+ 55. Kc3 Rd8 56. Rg6+ Ke7 57. Rh6
Rf8 58. Rh3 Ke6 59. Kd2 Rd8+ 60. Kc1 Kf6 61. Rg3 Rc8 62. Rg1 Ra8 63. Rg2 Rc8
64. Rd2 Kg5 65. Rd3 Kf4 66. c3 Rc7 67. Kc2 Rc8 68. Kb2 Rb8+ 69. Kc2 Rc8 70. Kd2
Rc7 71. Ke2 Rc8 72. Kd2 Rc7 73. Rd8 Kxf3 74. Kd3 Rf7 75. c4 Kf2 76. c5 Rf3+ 77.
Kc4 Ra3 78. Rd3 1-0

[Event "36 Abierto Ciudad de Sevilla"]
[Site "?"]
[Date "2011.01.12"]
[Round "6"]
[White "Razmyslov, Alexander"]
[Black "Prados Montaño, Antonio"]
[Result "1-0"]
[WhiteElo "2439"]
[BlackElo "2244"]
[PlyCount "105"]
[SourceDate "2011.01.07"]
[TimeControl "5400+30"]

1. d4 d5 2. c4 Nc6 3. Nc3 dxc4 4. Nf3 Nf6 5. Qa4 Nd5 6. Qxc4 Ndb4 $5 (6... Nb6
7. Qb3 e5 8. dxe5 Be6 9. Qc2 Bb4 10. g3 Qd5 11. Bg2 Nd4 12. Qd2 O-O-O 13. Nxd5
Bxd2+ 14. Bxd2 Bxd5 15. Nxd4 Bxg2 16. Rg1) 7. Qb3 Be6 (7... Nxd4 8. Nxd4 Qxd4
9. a3 Na6 10. Be3 Qd7 11. Rd1 Qc6 $44) (7... e5 $1 8. dxe5 Be6 9. Qa4 Bd7 10.
Qd1 Bf5 11. Bg5 f6 12. exf6 gxf6 (12... Nc2+ 13. Qxc2 Bxc2 14. fxg7 Bxg7 15.
Bxd8 Rxd8 16. Rc1 $16) 13. e4 $13) 8. Qa4 (8. Qd1 $2 Nxd4 $1 $17) 8... a6 9. a3
Nd5 10. e4 Nb6 11. Qd1 Bg4 12. d5 Ne5 13. a4 (13. Be2) 13... e6 14. a5 Nbd7 15.
Be2 Bxf3 16. Bxf3 Bd6 (16... exd5 17. exd5 Bd6 18. O-O O-O) 17. dxe6 fxe6 18.
Bh5+ Ng6 19. O-O (19. Qg4 Qf6 20. Bg5 Qf7 21. f4 O-O 22. g3) 19... Qf6 (19...
O-O 20. Bxg6 hxg6 21. Qg4 Qf6 22. f4 $2 g5 $1) 20. f4 O-O-O (20... Rd8 21. e5
Ndxe5 22. Ne4 Qe7 23. Qb3 $16) (20... O-O 21. e5 Bc5+ 22. Kh1 Qe7 23. Ne4) 21.
g3 Bc5+ 22. Kg2 {Diagrama #} Qd4 $2 (22... Ne7) 23. Qc2 Ba7 24. Ra4 Qc5 $6 (
24... Qf6) 25. Be2 $1 Kb8 (25... Nb8 26. Rc4 (26. b4 Qe7 27. Ba3) 26... Qxa5
27. b4 Qb6 28. Be3 $1 Qxe3 29. Rxc7+ $1 Kxc7 30. Nd5+ Kd7 31. Nxe3 Bxe3 32.
Qd3+) 26. b4 Qc6 27. b5 axb5 28. Bxb5 Qd6 (28... Qc5 $4 29. Ba3 Qe3 30. Nd1)
29. e5 Ndxe5 $5 30. fxe5 Qxe5 31. Re4 Qd6 32. Be2 Rhf8 33. Nb5 Qc5 34. Qxc5
Bxc5 35. Rxf8 Rxf8 36. Be3 Bxe3 37. Rxe3 c6 38. Nd4 e5 39. Nf3 Re8 40. Bd3 Ka7
41. Kf2 (41. Bxg6 $6 hxg6 42. Nxe5 Ka6 43. h4 Re6 44. Kf3 Rf6+ 45. Ke4 Kxa5)
41... e4 42. Bxe4 Ne5 $2 43. Nxe5 (43. Bf5 $1) 43... Rxe5 44. a6 bxa6 45. Bxc6
Rf5+ 46. Rf3 Rc5 47. Rf7+ Kb6 48. Be4 g5 49. Rf6+ Ka7 50. Bxh7 a5 51. Bd3 Kb7
52. Ke3 Kc7 53. Ra6 1-0

[Event "36 Abierto Ciudad de Sevilla"]
[Site "?"]
[Date "2011.01.11"]
[Round "5"]
[White "Suarez Pozo, Juan Carlos"]
[Black "Borondo Garcia, Raul"]
[Result "1-0"]
[WhiteElo "1861"]
[BlackElo "2046"]
[PlyCount "37"]
[EventDate "2011.01.10"]
[SourceDate "2011.01.07"]

1. e4 c5 2. a3 Nc6 3. b4 cxb4 4. axb4 Nxb4 5. c3 Nc6 6. d4 d5 7. exd5 Qxd5 8.
Na3 $1 {jugada bellísima y venenosa} Nf6 9. Nb5 Qd8 10. d5 Nb8 (10... Ne5 11.
Bf4 Nfd7 12. Nf3 f6 13. Nfd4 Kf7 14. Ne6 Qb6 15. Be3 {
1-0 Suarez, JC-GM Abreu Delgado, Ecija 09}) 11. Bf4 $1 e5 12. Bxe5 Bc5 13. Nc7+
Kf8 14. Nxa8 Qe7 15. Qe2 Bxf2+ 16. Kxf2 Ng4+ 17. Ke1 Nxe5 18. Nf3 Bg4 $4 {
Este error no empaña una apertura tan bella y con movimientos tan llamativos e
innovadores.} 19. Qxe5 {Comentarios de Suárez para P Belleza} 1-0

[Event "36 Abierto Ciudad de Sevilla"]
[Site "?"]
[Date "2011.01.13"]
[Round "7"]
[White "Pogorelov, Ruslan"]
[Black "Matamoros Franco, Carlos S."]
[Result "1/2-1/2"]
[WhiteElo "2427"]
[BlackElo "2545"]
[PlyCount "44"]
[EventDate "2011.01.13"]
[SourceDate "2011.01.07"]

1. Nf3 Nf6 2. c4 g6 3. Nc3 Bg7 4. e4 d6 5. d4 O-O 6. Be2 e5 7. d5 a5 8. Bg5 h6
9. Bh4 Na6 10. Nd2 Qe8 11. O-O Nh7 12. Kh1 Bd7 13. b3 (13. a3 $5 h5 14. f3 Bf6
$5) (13. f3 h5 14. Nb3 b6 15. Nc1 Bh6 16. Nd3 Be3 17. Re1 Nc5 18. Bf1 $10 {
Petrosian,T-Hort,V/Lugano/1968/}) 13... h5 14. f3 Bf6 15. Bf2 Qe7 16. a3 Bg5
17. Rb1 h4 18. b4 axb4 19. axb4 Nf6 20. c5 {Diagrama #} h3 (20... dxc5 $1 21.
Bxa6 cxb4 $8 22. Bxb7 bxc3 $1 $44 23. Bxa8 cxd2 $1 24. Bc6 Bxc6 25. dxc6 Nh5 $1
{1/2-1/2 en 47Golod,V (2535)-Mittelman,G (2415)/Beersheba 1998} 26. Qb3 $1 Bf4
27. Rfd1 Rd8 $5 $44) 21. g3 dxc5 22. bxc5 Nxc5 1/2-1/2